| 000 | 00933cam a2200301 a 4500 | ||
|---|---|---|---|
| 999 |
_c28840 _d28811 |
||
| 001 | 3154285 | ||
| 003 | EG-ScBUE | ||
| 005 | 20200927110831.0 | ||
| 008 | 901231t1991 nyua f d 00010ceng d | ||
| 020 | _a013210105X | ||
| 035 | _a(OCoLC)ocn685894242 | ||
| 035 | _a3154285 | ||
| 040 |
_aDLC _beng _erda _cDLC _dCtY _dEG-ScBUE |
||
| 082 | 0 | 4 |
_a920.0092924 _bWIg _222 |
| 100 | 1 |
_aWigoder, Geoffrey, _d1922- _eauthor. |
|
| 245 | 1 | 0 |
_aDictionary of Jewish biography / _cGeoffrey Wigoder. |
| 264 | 1 |
_aNew York : _bSimon & Schuster, a Paramount Communications Company, _c[1991] |
|
| 264 | 4 | _cc1991 | |
| 300 |
_a567 pages : _billustrations ; _c25 cm |
||
| 336 |
_2rdacontent _atext _btxt |
||
| 337 |
_2rdamedia _aunmediated _bn |
||
| 338 |
_2rdacarrier _avolume _bnc |
||
| 650 | 7 |
_aJews _vBiography _vDictionaries. _2BUEsh |
|
| 653 |
_bGGEN _cSeptember2020 |
||
| 655 |
_vReading book _934232 |
||
| 942 |
_2ddc _cREFERENCE |
||
| 948 | _ajel/his | ||